Logos by Their First Letter(s) - (Tricky) - Statistics

General Stats
  • This quiz has been taken 224 times
  • The average score is 13 of 16
Answer Stats
Picture Answer % Correct
Coca Cola
96%
Dove
96%
Ford
95%
Cheetos
94%
Disney
91%
Visa
91%
Ebay
90%
Ikea
89%
Fila
84%
Subway
82%
ESPN
79%
T-Mobile
79%
Macy's
62%
Baskin Robins
60%
CVS Pharmacy
60%
NASA
49%
No matching quizzes found
Score Distribution
Percent of People with Each Score
Percentile by Number Answered
Your Score History
You have not taken this quiz